European hotel investment market slows (Record no. 70147)
[ view plain ]
| 000 -LEADER | |
|---|---|
| fixed length control field | 00944cam a2200205 4500 |
| 001 - CONTROL NUMBER | |
| control field | WB3816-07 |
| 008 - FIXED-LENGTH DATA ELEMENTS--GENERAL INFORMATION | |
| fixed length control field | 020501n2002 000 0 eng u |
| 035 ## - SYSTEM CONTROL NUMBER | |
| System control number | (Sirsi) u117801 |
| 245 ## - TITLE STATEMENT | |
| Title | European hotel investment market slows |
| 260 ## - PUBLICATION, DISTRIBUTION, ETC. | |
| Date of publication, distribution, etc. | 2002 |
| 490 ## - SERIES STATEMENT | |
| Series statement | Jones Lang LaSalle Press Release |
| Volume/sequential designation | 25 April 2002, (3) |
| 520 ## - SUMMARY, ETC. | |
| Summary, etc. | Jones Lang LaSalle Hotels', "Digest Europe 2002" reveals that investment in single-asset hotel deals in Europe fell from a peak of £1.4bn in 2000 to £1.2bn in 2001. The strongest hotel trading markets in 2001 were Munich and Frankfurt, with London as the worst performer. JLL predicts increased activity in 2002. http://www.joneslanglasalle.com/news/2002/apr/invest.html |
| 590 ## - LOCAL NOTE (RLIN) | |
| Local note | WB |
| 650 ## - SUBJECT ADDED ENTRY--TOPICAL TERM | |
| Topical term or geographic name entry element | EUROPE |
| 650 ## - SUBJECT ADDED ENTRY--TOPICAL TERM | |
| Topical term or geographic name entry element | HOTEL MARKET |
| 650 ## - SUBJECT ADDED ENTRY--TOPICAL TERM | |
| Topical term or geographic name entry element | JONES LANG LASALLE |
| 650 ## - SUBJECT ADDED ENTRY--TOPICAL TERM | |
| Topical term or geographic name entry element | INVESTMENT MARKET |
| 690 ## - LOCAL SUBJECT ADDED ENTRY--TOPICAL TERM (OCLC, RLIN) | |
| Topical term or geographic name as entry element | PROPERTY-COMMERCIAL PROPERTY-COMMERCIAL PROPERTY FINANCE AND INVESTMENT |
| 942 ## - ADDED ENTRY ELEMENTS (KOHA) | |
| Suppress in OPAC | 0 |
| Withdrawn status | Lost status | Source of classification or shelving scheme | Damaged status | Not for loan | Home library | Current library | Shelving location | Date acquired | Total Checkouts | Full call number | Barcode | Date last seen | Copy number | Price effective from | Koha item type |
|---|---|---|---|---|---|---|---|---|---|---|---|---|---|---|---|
| Dewey Decimal Classification | London | London | News article | 01/05/2002 | WB3816-07 | 117801-1001 | 06/08/2019 | 1 | 06/08/2019 | News article |